000 00483nam a22002177a 4500
003 UA-OsUOA
001 56528
007 ta
008 20081103b un ||||| |||| 00| 0 ukr d
100 _aЯхно О.
090 _a32
_bЯ90
942 _cSA
040 _aUA-OsUOA
_bukr
_cUA-OsUOA
_dUA-OsUOA
245 _aМожуть... якщо притисне
300 _aС.1
955 _a0
041 _aukr
080 _a32
773 0 _w56526
650 7 _a32 Політика
_2UDC
999 _c342613
_d342613